Construcciones bioclimáticas en barro y totora, Hacienda El Tangue, Tongoy, Coquimbo, Chile
Guardat en:
| Autors principals: | , |
|---|---|
| Format: | Llibre |
| Idioma: | espanyol |
| Publicat: |
Santiago
Rocío Andrea Blaitt González
2003
|
| Matèries: | |
| Etiquetes: |
Afegir etiqueta
Sense etiquetes, Sigues el primer a etiquetar aquest registre!
|
MARC
| LEADER | 00000nam a2200000 a 4500 | ||
|---|---|---|---|
| 001 | UCL6974 | ||
| 003 | CL-VaPUC | ||
| 008 | 040423e20030000CL |||||||||||||||||spa|d | ||
| 020 | |a 9562990281 | ||
| 082 | 0 | 4 | |a 691.4 |b BLA |2 21 |
| 100 | 0 | |a Blaitt González, Rocío Andrea |e author |9 484651 | |
| 700 | 0 | |a Bonczos Rudloff, Cristián |e author |9 484652 | |
| 245 | 1 | 0 | |a Construcciones bioclimáticas en barro y totora, Hacienda El Tangue, Tongoy, Coquimbo, Chile |
| 300 | |a 83 p | ||
| 942 | |c BK | ||
| 945 | |d 20040423 00:00:00 |a cmena | ||
| 260 | |a Santiago |b Rocío Andrea Blaitt González |c 2003 | ||
| 500 | |a Obra financiada por FONDART | ||
| 650 | 0 | |a Construcción de viviendas |9 266842 | |
| 650 | 0 | |a Materiales de construcción |9 260197 | |
| 650 | 7 | |a TOTORA |2 CL-VaPUC |9 484653 | |
| 650 | 0 | |a Adobe |9 267105 | |
| 651 | 7 | |a TONGOY, CHILE |2 CL-VaPUC |9 484654 | |
| 651 | 0 | |a Coquimbo, Chile |9 319271 | |
| 583 | |a last modification |c 20131003 03:25:12 |k Rodrigo Vera | ||
| 999 | |c 308847 |d 308845 | ||
| 952 | |0 0 |1 0 |4 0 |6 691_400000000000000_BLA_2003 |7 0 |8 A |9 375747 |a BIBARQ |b BIBARQ |d 2019-11-21 |i 3996336 |o 691.4 BLA 2003 |p 3996336 |r 2025-01-20 |w 2019-11-21 |y BK |k ARQ | ||
| 952 | |0 0 |1 0 |4 0 |6 691_400000000000000_BLA_2003 |7 0 |8 A |9 375748 |a BIBARQ |b BIBARQ |d 2019-11-21 |i 3996344 |o 691.4 BLA 2003 |p 3996344 |r 2025-01-20 |w 2019-11-21 |y BK |k ARQ | ||